El Cooperativismo en el marco del capitalismo periférico /

En los países subdesarrollados, la asignación de los equipos productivos con apego estricto a las leyes del mercado y a los criterios de rentabilidad puramente capitalistas, solo consigue perpetuar las condiciones que los mantienten en la periferia del sistema capitalista. Por ello, estos países req...

全面介紹

Guardado en:
書目詳細資料
主要作者: Rodríguez H, Adolfo
格式: Texto
主題:
標簽: 添加標簽
沒有標簽, 成為第一個標記此記錄!

MARC

LEADER 00000 a a2200000 04500
001 3102
003
040
100 |a Rodríguez H, Adolfo  
245 |a El Cooperativismo en el marco del capitalismo periférico /  |c Adolfo Rodríguez H 
520 |a En los países subdesarrollados, la asignación de los equipos productivos con apego estricto a las leyes del mercado y a los criterios de rentabilidad puramente capitalistas, solo consigue perpetuar las condiciones que los mantienten en la periferia del sistema capitalista. Por ello, estos países requieren, para romper el círculo vicioso de ser subdesarrollados, incentivar mecanismos que logren complementar la labor del mercado y de esta forma, contribuir a la promción del capitalismo no períferico. HB/EL  
650 |a MOVIMIENTOS COOPERATIVOS  
650 |a PAISES EN DESARROLLO  
650 |a PRODUCCION  
650 |a CAPITALISMO  
650 |a COOPERATIVAS  
650 |a DESARROLLO ECONOMICO Y SOCIAL  
650 |a MERCADO  
773 |g volumen 7, número 2; páginas 89-96  
999 |c 37811  |d 37811